Turistický kalendár ...

Bibliographic Details
Format: Serial
Language:Slovak
PhysicalDescription:zv.
Published: Liptovský Mikuláš TJ Jasná
Subjects:

MARC

LEADER 00000cas a2200000 a 4500
001 vtls001350675
003 SK-MaSNL
005 20260228155747.0
008 981210u19uu19uuxo au| 0 0 0slo
035 |a SNK000304015 
040 |a SNK  |b slo  |c SNK  |e AACR2 
041 0 |a slo 
044 |a xo  |c SK 
072 7 |a 796  |x Šport. Hry. Telesné cvičenia  |2 konspekt 
080 |a 796.5  |2 2011 
080 |a (059)  |2 2011 
245 0 0 |a Turistický kalendár ... 
260 |a Liptovský Mikuláš  |b TJ Jasná 
300 |a zv. 
310 |a 1x ročne 
500 |a Súčasťou názvu je označenie roka 
650 0 7 |a turistika  |2 SNKPH  |9 683 
655 7 |a kalendáre  |2 SNKPH  |9 70450 
910 |a snk 
999 |c 456  |d 456 
952 |0 0  |1 0  |4 0  |7 0  |a SNK  |b SNK  |d 2010-09-06  |i snkKSP 6579/80  |l 0  |o snkČSE 156/1980 D1  |p 17A0668299  |r 2026-02-21 19:54:54  |w 2026-02-21  |y PREZ 
952 |0 0  |1 0  |4 0  |7 0  |a SNK  |b SNK  |d 2010-09-06  |i snkKSP 1902/80  |l 0  |o snkČSE 156/1979  |p 17A0668298  |r 2026-02-21 19:54:54  |w 2026-02-21  |y PREZ 
952 |0 0  |1 0  |4 0  |7 0  |a SNK  |b SNK  |d 2010-09-06  |i snkKSP 3314/76  |l 0  |o snkČSE 156/1976 D1  |p 17A0668300  |r 2026-02-21 19:54:54  |w 2026-02-21  |y PREZ 
952 |0 0  |1 0  |4 0  |7 0  |a SNK  |b SNK  |d 2008-01-28  |i snkKSP 2393/74  |l 0  |o snkČSE 156/1974 D1  |p 17A0572259  |r 2026-02-21 20:28:26  |w 2026-02-21  |y PREZ 
952 |0 0  |1 0  |4 0  |7 0  |a SNK  |b SNK  |d 1998-12-10  |l 0  |o snkČSE 156/1974  |p 17A0173868  |r 2005-01-02 00:00:00  |w 2026-02-21  |y PREZ